Code civil, Québec

Saved in:
Bibliografiske detaljer
Main Authors: Baudouin, Jean Louis (Author), Renaud, Yvon (Author)
Format: Bog
Sprog:fransk
spansk
Udgivet: Montreal Wilson and Lafleur 1997
Serier:Collection Codes et Recueils
Fag:
Tags: Tilføj Tag
Ingen Tags, Vær først til at tagge denne postø!

MARC

LEADER 00000nam a2200000 a 4500
001 UCP6757
003 CL-VaPUC
008 991112e19970000CN |||||||||||||||||fre|d
041 0 7 |a fre  |2 CL-VaPUC 
041 0 7 |a spa  |2 CL-VaPUC 
082 0 4 |a 346.714  |b BAU  |2 21 
100 0 |a Baudouin, Jean Louis  |e author  |9 436017 
700 0 |a Renaud, Yvon  |e author  |9 436018 
245 1 0 |a Code civil, Québec 
246 1 0 |a Civil code 
300 |a 1560 p 
942 |c BK 
945 |d 19991112 00:00:00  |a vberengu 
260 |a Montreal  |b Wilson and Lafleur  |c 1997 
650 7 |a CODIGO CIVIL CANADIENSE  |2 CL-VaPUC  |9 436019 
650 7 |a DERECHO CIVIL CANADIENSE  |2 CL-VaPUC  |9 436020 
651 7 |a QUEBEC  |2 CL-VaPUC  |9 386644 
651 7 |a CANADA  |2 CL-VaPUC  |9 436021 
583 |a last modification  |c 19991112 00:00:00  |k Rodrigo Vera 
490 0 |a Collection Codes et Recueils 
999 |c 284200  |d 284198 
952 |0 0  |1 0  |4 0  |6 346_714000000000000_BAU_1997  |7 0  |8 A  |9 327981  |a BIBDER  |b BIBDER  |d 2019-11-20  |i 3489523  |o 346.714 BAU 1997  |p 3489523  |r 2023-01-25  |w 2019-11-20  |y BK  |k DER